Die Verheißungen der Dienstleistungsgesellschaft: soziale Befreiung oder Sozialherrschaft?
| Main Author: | |
|---|---|
| Format: | Print Book |
| Language: | German |
| Subito Delivery Service: | Order now. |
| Check availability: | HBZ Gateway |
| WorldCat: | WorldCat |
| Interlibrary Loan: | Interlibrary Loan for the Fachinformationsdienste (Specialized Information Services in Germany) |
| Published: |
Opladen
Westdt. Verl.
1983
|
| In: | Year: 1983 |
| Standardized Subjects / Keyword chains: | B
Service society
B Social service function / Social policy / Sociology |
| Further subjects: | B
Social policy
B Industrielle Gesellschaft B Gesellschaftspolitik B Gesellschaftstheorie B Thesis B Gesellschaftsstruktur |
| Online Access: |
Table of Contents |
MARC
| LEADER | 00000cam a2200000 c 4500 | ||
|---|---|---|---|
| 001 | 027398382 | ||
| 003 | DE-627 | ||
| 005 | 20251105170947.0 | ||
| 007 | tu | ||
| 008 | 710101s1983 gw ||||| m 00| ||ger c | ||
| 015 | |a 83,N02,0073 |2 dnb | ||
| 015 | |a 83,A32,0212 |2 dnb | ||
| 016 | 7 | |a 830080104 |2 DE-101 | |
| 020 | |a 353111610X |9 3-531-11610-X | ||
| 035 | |a (DE-627)027398382 | ||
| 035 | |a (DE-576)009091734 | ||
| 035 | |a (DE-599)GBV027398382 | ||
| 035 | |a (OCoLC)165806548 | ||
| 035 | |a (OCoLC)165806548 | ||
| 035 | |a (OCoLC)938779078 | ||
| 035 | |a (DE-604)8002222477 | ||
| 040 | |a DE-627 |b ger |c DE-627 |e rakwb | ||
| 041 | |a ger | ||
| 044 | |c XA-DE | ||
| 084 | |a SOZ 452 |2 sfb | ||
| 084 | |a S 980 |2 sfb | ||
| 084 | |a 14 |a 17 |2 sdnb | ||
| 084 | |a 1 |2 ssgn | ||
| 084 | |a MS 1180 |2 rvk |0 (DE-625)rvk/123553: | ||
| 084 | |a MS 4800 |2 rvk |0 (DE-625)rvk/123718: | ||
| 084 | |a QX 000 |2 rvk |0 (DE-625)rvk/142178: | ||
| 084 | |a MS 1280 |2 rvk |0 (DE-625)rvk/123588: | ||
| 100 | 1 | |0 (DE-588)170461416 |0 (DE-627)060554894 |0 (DE-576)131347101 |4 aut |a Gross, Peter | |
| 109 | |a Gross, Peter | ||
| 245 | 1 | 4 | |a Die Verheißungen der Dienstleistungsgesellschaft |b soziale Befreiung oder Sozialherrschaft? |c Peter Gross |
| 264 | 1 | |a Opladen |b Westdt. Verl. |c 1983 | |
| 300 | |a 202 S |b graph. Darst |c 8° | ||
| 336 | |a Text |b txt |2 rdacontent | ||
| 337 | |a ohne Hilfsmittel zu benutzen |b n |2 rdamedia | ||
| 338 | |a Band |b nc |2 rdacarrier | ||
| 500 | |a Literaturverz. S. [188] - 202 | ||
| 502 | |a Zugl.: Konstanz, Univ., Habil.-Schr., 1979 | ||
| 583 | 1 | |a Archivierung/Langzeitarchivierung gewährleistet |f SLG |x XA-DE-NI |z Bücherarchiv der GWV-Verlage |2 pdager |5 DE-84 | |
| 583 | 1 | |a Archivierung/Langzeitarchivierung gewährleistet |c 1979 |f SLG |2 pdager |5 DE-352$zKonstanzer Habilschrift | |
| 583 | 1 | |a Archivierung/Langzeitarchivierung gewährleistet |f SSG |x XA-DE-BW |2 pdager |5 DE-21 | |
| 601 | |a Verheißung | ||
| 601 | |a Befreiung | ||
| 650 | 4 | |a Gesellschaftstheorie | |
| 650 | 4 | |a Industrielle Gesellschaft | |
| 650 | 4 | |a Gesellschaftspolitik | |
| 650 | 4 | |a Gesellschaftsstruktur | |
| 650 | 4 | |a Sozialpolitik | |
| 655 | 7 | |a Hochschulschrift |0 (DE-588)4113937-9 |0 (DE-627)105825778 |0 (DE-576)209480580 |2 gnd-content | |
| 689 | 0 | 0 | |d s |0 (DE-588)4376157-4 |0 (DE-627)184650895 |0 (DE-576)211735019 |2 gnd |a Dienstleistungsgesellschaft |
| 689 | 0 | |5 (DE-627) | |
| 689 | 1 | 0 | |d s |0 (DE-588)4055710-8 |0 (DE-627)106157043 |0 (DE-576)209115084 |2 gnd |a Soziale Dienstleistung |
| 689 | 1 | 1 | |d s |0 (DE-588)4055879-4 |0 (DE-627)10615656X |0 (DE-576)209115742 |2 gnd |a Sozialpolitik |
| 689 | 1 | 2 | |d s |0 (DE-588)4077624-4 |0 (DE-627)104152036 |0 (DE-576)209205849 |2 gnd |a Soziologie |
| 689 | 1 | |5 (DE-627) | |
| 751 | |a Konstanz |0 (DE-588)4032215-4 |0 (DE-627)106262548 |0 (DE-576)208996044 |4 uvp | ||
| 856 | 4 | 2 | |u http://www.gbv.de/dms/ilmenau/toc/027398382.PDF |m V:DE-601 |m B:DE-ilm1 |q pdf/application |x Verlag |y Inhaltsverzeichnis |3 Inhaltsverzeichnis |7 1 |
| 935 | |a mteo | ||
| 935 | |i Blocktest | ||
| 936 | r | v | |a MS 1180 |b Industriegesellschaft |k Soziologie |k Spezielle Soziologien |k Gesamtgesellschaften |k Industriegesellschaft |0 (DE-627)1271440172 |0 (DE-625)rvk/123553: |0 (DE-576)201440172 |
| 936 | r | v | |a MS 4800 |b Allgemeine Theorie und Gesamtdarstellungen |k Soziologie |k Spezielle Soziologien |k Wirtschafts-, Industrie- und Techniksoziologie |k Allgemeine Theorie und Gesamtdarstellungen |0 (DE-627)1270883968 |0 (DE-625)rvk/123718: |0 (DE-576)200883968 |
| 936 | r | v | |a QX 000 |b Allgemeines. Soziale Sicherheit |k Wirtschaftswissenschaften |k Sozialpolitik. Gesundheitswesen. Bildungsökonomie |k Allgemeines. Soziale Sicherheit |0 (DE-627)1271265311 |0 (DE-625)rvk/142178: |0 (DE-576)201265311 |
| 936 | r | v | |a MS 1280 |b Theorien und Probleme der Massengesellschaft |k Soziologie |k Spezielle Soziologien |k Theorien und Probleme der Massengesellschaft |0 (DE-627)1270702696 |0 (DE-625)rvk/123588: |0 (DE-576)200702696 |
| 938 | 1 | 0 | |0 (DE-627)1756167354 |0 (DE-615)6605346 |a Dienstleistungsgesellschaft |2 fivt |
| 938 | 1 | 0 | |0 (DE-627)1756201196 |0 (DE-615)6600473 |a Sozialpolitik |2 fivt |
| 938 | 1 | 0 | |0 (DE-627)1756178089 |0 (DE-615)6608640 |a Soziologie |2 fivt |
| 951 | |a BO | ||
| ELC | |b 1 | ||
| ITA | |a 1 |t 1 | ||
| LOK | |0 000 xxxxxcx a22 zn 4500 | ||
| LOK | |0 001 3184763188 | ||
| LOK | |0 003 DE-627 | ||
| LOK | |0 004 027398382 | ||
| LOK | |0 005 20020518000000 | ||
| LOK | |0 008 940928||||||||||||||||ger||||||| | ||
| LOK | |0 040 |a DE-21 |c DE-627 |d DE-21 | ||
| LOK | |0 852 |a DE-21 | ||
| LOK | |0 852 1 |c 23 A 3527 |9 00 | ||
| LOK | |0 935 |a comp |a konv | ||
| LOK | |0 939 |a 28-09-94 |b l01 | ||
| LOK | |0 000 xxxxxcx a22 zn 4500 | ||
| LOK | |0 001 3184763250 | ||
| LOK | |0 003 DE-627 | ||
| LOK | |0 004 027398382 | ||
| LOK | |0 005 20100408031031 | ||
| LOK | |0 008 990308||||||||||||||||ger||||||| | ||
| LOK | |0 040 |a DE-21-31 |c DE-627 |d DE-21-31 | ||
| LOK | |0 541 |e 13010/84 (CG) | ||
| LOK | |0 852 |a DE-21-31 | ||
| LOK | |0 852 1 |c Mm III b 73 |m p |9 00 | ||
| LOK | |0 938 |k p | ||
| LOK | |0 939 |a 08-03-99 |b l01 | ||
| LOK | |0 000 xxxxxcx a22 zn 4500 | ||
| LOK | |0 001 3184763269 | ||
| LOK | |0 003 DE-627 | ||
| LOK | |0 004 027398382 | ||
| LOK | |0 005 20100407051917 | ||
| LOK | |0 008 041215||||||||||||||||ger||||||| | ||
| LOK | |0 040 |a DE-21-58 |c DE-627 |d DE-21-58 | ||
| LOK | |0 541 |e 94-1036 | ||
| LOK | |0 689 |a s |0 1310694753 |a Dienstleistungsgesellschaft | ||
| LOK | |0 852 |a DE-21-58 | ||
| LOK | |0 852 1 |c C a 166 |m p |9 00 | ||
| LOK | |0 935 |a k058 | ||
| LOK | |0 938 |k p | ||
| LOK | |0 939 |a 15-12-04 |b l01 | ||
| LOK | |0 000 xxxxxcx a22 zn 4500 | ||
| LOK | |0 001 3184763277 | ||
| LOK | |0 003 DE-627 | ||
| LOK | |0 004 027398382 | ||
| LOK | |0 005 20090623152708 | ||
| LOK | |0 008 090623||||||||||||||||ger||||||| | ||
| LOK | |0 040 |a DE-21-43 |c DE-627 |d DE-21-43 | ||
| LOK | |0 541 |e 86/1451 | ||
| LOK | |0 852 |a DE-21-43 | ||
| LOK | |0 852 1 |c Hm III 176 |m p |9 00 | ||
| LOK | |0 935 |a k043 |a kneu | ||
| LOK | |0 938 |k p | ||
| LOK | |0 939 |a 23-06-09 |b l01 | ||
| ORI | |a SA-MARC-ixtheoa001.raw | ||
| STA | 0 | 0 | |a Service society,Social policy,Welfare policy,Social service function,Sociology |
| STB | 0 | 0 | |a Politique sociale,Service social,Sociologie,Société de services,Tertiarisation,Tertiarisation |
| STC | 0 | 0 | |a Política social,Servicio social,Sociedad de tercerización,Sociología |
| STD | 0 | 0 | |a Politica sociale,Servizi sociali,Società di servizi,Sociologia |
| STE | 0 | 0 | |a 社会学,社会政策,社会服务 |
| STF | 0 | 0 | |a 社會學,社會政策,社會服務 |
| STG | 0 | 0 | |a Política social,Serviço social,Sociedade de terceirização,Sociologia |
| STH | 0 | 0 | |a Общество услуг,Социальная политика,Социальная служба,Социология |
| STI | 0 | 0 | |a Κοινωνία υπηρεσιών,Κοινωνικές υπηρεσίες,Κοινωνική πολιτική,Κοινωνιολογία |
| SYE | 0 | 0 | |a Social policy,Gesellschaftspolitik,Gesellschaftspolitik,Wohlfahrtspolitik |
| SYG | 0 | 0 | |a Gesellschaft - Dienstleistungsgesellschaft , Personenbezogene soziale Dienstleistung , Social policy,Gesellschaftspolitik,Gesellschaftspolitik,Wohlfahrtspolitik , Allgemeine Soziologie,Gesellschaftslehre,Gesellschaft,Gesellschaftstheorie,Sozialtheorie,Soziallehre |